Wireless communications : a management guide to implementation (Record no. 8149)
[ view plain ]
| 000 -LEADER | |
|---|---|
| fixed length control field | 00489 a2200157 4500 |
| 020 ## - INTERNATIONAL STANDARD BOOK NUMBER | |
| International Standard Book Number | 1566079640 |
| 082 ## - DEWEY DECIMAL CLASSIFICATION NUMBER | |
| Classification number | 621.384 |
| 090 ## - LOCALLY ASSIGNED LC-TYPE CALL NUMBER (OCLC); LOCAL CALL NUMBER (RLIN) | |
| -- | 4258 |
| -- | 4258 |
| 100 ## - MAIN ENTRY--PERSONAL NAME | |
| Personal name | Goralski, Walter. |
| 245 ## - TITLE STATEMENT | |
| Title | Wireless communications : a management guide to implementation |
| Statement of responsibility, etc. | Walter Goralski |
| 260 ## - PUBLICATION, DISTRIBUTION, ETC. | |
| Place of publication, distribution, etc. | U.S.A. : |
| Name of publisher, distributor, etc. | Computer Technology Research Corp. |
| Date of publication, distribution, etc. | 1996. |
| 300 ## - PHYSICAL DESCRIPTION | |
| Extent | vi, 222 p. |
| Other physical details | : ill. |
| Dimensions | ; 28 cm. |
| 500 ## - GENERAL NOTE | |
| General note | Includes Index |
| 650 ## - SUBJECT ADDED ENTRY--TOPICAL TERM | |
| Topical term or geographic name entry element | Wireless communication systems. |
| 942 ## - ADDED ENTRY ELEMENTS (KOHA) | |
| Koha item type | Book |
| Call number prefix | 621.384 GOR |
| Withdrawn status | Lost status | Damaged status | Not for loan | Collection code | Permanent Location | Current Location | Shelving location | Date acquired | Total Checkouts | Full call number | Barcode | Date last seen | Price effective from | Koha item type |
|---|---|---|---|---|---|---|---|---|---|---|---|---|---|---|
| Central Library (CL) | Central Library (CL) | General Stacks | 06/27/2001 | 621.384 GOR | SEECS001043 | 11/14/2012 | 01/05/2017 | Book |
